Cases in the environment of business: (Record no. 11083)

MARC details
000 -LEADER
fixed length control field 00762 a2200217 4500
010 ## - LIBRARY OF CONGRESS CONTROL NUMBER
LC control number ENG-89636
020 ## - INTERNATIONAL STANDARD BOOK NUMBER
International Standard Book Number 9788178298658
Terms of availability 650.00
035 ## - SYSTEM CONTROL NUMBER
System control number EN-73169
037 ## - SOURCE OF ACQUISITION
Source of stock number/acquisition DBAD / PUB
082 14 - DEWEY DECIMAL CLASSIFICATION NUMBER
Classification number 658
090 ## - LOCALLY ASSIGNED LC-TYPE CALL NUMBER (OCLC); LOCAL CALL NUMBER (OCLC)
-- 11395
-- 11395
100 1# - MAIN ENTRY--PERSONAL NAME
Personal name Conklin, David W.
245 1# - TITLE STATEMENT
Title Cases in the environment of business:
Statement of responsibility, etc by David W. Conklin
Remainder of title International perspectives/
260 ## - PUBLICATION, DISTRIBUTION, ETC. (IMPRINT)
Place of publication, distribution, etc New Delhi
Name of publisher, distributor, etc Sage Publications
Date of publication, distribution, etc 2007
270 ## - ADDRESS
Address B1/11, Mohan Cooperative Industrial Area, Mathura Road
City New Delhi
Postal code 110 044
300 ## - PHYSICAL DESCRIPTION
Extent xiv, 605p.
Dimensions 24 cm ( Pbk.)
500 ## - GENERAL NOTE
General note Includes bibliographical references
700 ## - ADDED ENTRY--PERSONAL NAME
Personal name .
942 ## - ADDED ENTRY ELEMENTS (KOHA)
Institution code [OBSOLETE] dpl
Koha item type English Books
Call number prefix 658/ CON
Holdings
Withdrawn status Lost status Source of classification or shelving scheme Damaged status Not for loan Collection code Home library Current library Source of acquisition Cost, normal purchase price Total Checkouts Full call number Barcode Date last seen Copy number Uniform Resource Identifier Cost, replacement price Price effective from Koha item type
    Dewey Decimal Classification   Not For Loan Non-fiction D.B.Act.Division D.B.Act.Division DBAD/PUB 650.00   658 CON EN-73169 15/09/2008 1 12187 650.00 15/09/2008 English Books

© Delhi Public Library
Hit Counter
free hit counter